1310 1031 1869 1824 1136 1688 1575 1951 1146 1834 1923 1900 1939 1117 1601 1325 1513 1599 1147 1047 1516 1334 1878 1868 1934 1340 1648 1247 1025 1317 1315 1537 1999 1210 1558 1429 1993 1165 1047 1894 1734 1837 1474 1967 1449 1125 1927 1593 1798 1070 1059 1430 1262 1923 1628 1291 1050 1742 1211 1023 1994 1425 1811 1846 1821 1965 1415 1933 1991 1988 1671 1980 1407 1244 1429 1279 1417 1342 1723 1837 1103 1423 1197 1195 1210 1806 1462 1602 1506 1488 1114 1358 1472 1760 1889 1738 1398 1510 1517 BCNSPRNW ULIB Ver.6.0+V

เปลี่ยนเป็นภาษาไทย

Change to English
 แสดงรายละเอียดบรรณานุกรม
  กลับหน้าหลัก

Brief Record : Get Marc (ISO 2709) : E-mail record : QR code < ปิดหน้าต่าง
LEADER : 00000nam 2200000uu 4500
001    13399111697
003     ULIB
008    110706s2552||||th 000 0 tha d
020    9786117023019
050 04 BQ7210^bร649ค 2552
100 0  รุ่งอรุณ
245 10 คู่มือสร้างบุญ อุ่นใจตลอดชาติ /^cรุ่งอรุณ
260    กรุงเทพฯ :^bbusy-day,^c2552
300    237 หน้า
650  7 ทำบุญ
945    ^p155^l0^i026491
949    ทศพร
999 ^a ใช้งานได้ทุกระบบ
รายการนี้ยังไม่มีแท็ก
คุณยังไม่ได้ล็อกอิน คุณสามารถมีกิจกรรมร่วมกับเว็บไซต์ได้ แต่ต้องล็อกอินก่อน ::
  ล็อกอิน

รายการสื่อสารสนเทศ

ลำดับที่ ประเภท เลขเรียก/บาร์โค้ด สถานที่ สถานะ
- ไม่พบข้อมูล -

รายการใกล้เคียง
    ผู้แต่ง [รุ่งอรุณ]

    หัวเรื่อง [ทำบุญ]

BibComment


ยังไม่เคยถูกคอมเมนท์

คอมเมนท์ทรัพยากรรายการนี้
  คอมเมนท์: คู่มือสร้างบุญ อุ..


 Copyright 2026. Bcnsprnw @Library